路線名 一覧クイズ 大阪府 - Statistics

General Stats
  • This quiz has been taken 222 times
  • The average score is 38 of 49
Answer Stats
事業者名 答え 区間 % Correct
JR東海 東海道新幹線 新大阪
95%
Osaka Metro 御堂筋線 江坂~中百舌鳥(全線)
91%
JR西日本 大阪環状線 天王寺~新今宮(全線)
90%
阪急電鉄 京都線(京都本線) 十三~水無瀬
90%
JR西日本 東海道本線 島本~塚本
89%
JR西日本 おおさか東線 新大阪~久宝寺(全線)
87%
JR西日本 関西空港線 日根野~関西空港
87%
JR西日本 桜島線(ゆめ咲線) 西九条~桜島(全線)
87%
JR西日本 阪和線 天王寺~山中渓・鳳~東羽衣
87%
Osaka Metro 中央線 夢洲~長田(全線)
87%
阪急電鉄 宝塚線(宝塚本線) 大阪梅田~池田
87%
JR西日本 山陽新幹線 新大阪
84%
Osaka Metro 堺筋線 天神橋筋六丁目~天下茶屋(全線)
84%
近畿日本鉄道 奈良線 布施~石切
84%
JR西日本 片町線(学研都市線) 長尾~京橋
83%
近畿日本鉄道 大阪線 大阪上本町~大阪教育大前
83%
京阪電鉄 京阪本線 淀屋橋~樟葉
83%
阪急電鉄 神戸線(神戸本線) 大阪梅田~十三
83%
Osaka Metro 長堀鶴見緑地線 大正~門真南(全線)
82%
近畿日本鉄道 難波線 大阪難波~大阪上本町(全線)
81%
Osaka Metro 谷町線 大日~八尾南(全線)
80%
Osaka Metro 千日前線 野田阪神~南巽(全線)
79%
阪急電鉄 箕面線 石橋阪大前~箕面(全線)
79%
JR西日本 関西本線 河内堅上~JR難波
78%
Osaka Metro 今里筋線 井高野~今里(全線)
78%
阪急電鉄 千里線 天神橋筋六丁目~北千里(全線)
78%
阪神電鉄 本線 大阪梅田~千船
78%
Osaka Metro 四つ橋線 西梅田~住之江公園(全線)
77%
京阪電鉄 中之島線 中之島~天満橋(全線)
77%
近畿日本鉄道 南大阪線 大阪阿部野橋~上ノ太子
76%
南海電鉄 空港線 泉佐野~関西空港(全線)
75%
南海電鉄 南海本線 難波~孝子
75%
三セク② 南北線(北大阪急行) 江坂~箕面萱野(全線)
73%
JR西日本 JR東西線 京橋~加島
73%
近畿日本鉄道 けいはんな線 長田~新石切
72%
南海電鉄 高野線 汐見橋~天見
71%
近畿日本鉄道 長野線 古市~河内長野(全線)
70%
阪神電鉄 阪神なんば線 大阪難波~出来島
69%
近畿日本鉄道 道明寺線 道明寺~柏原(全線)
67%
中小私鉄 水間線(水間鉄道) 貝塚~水間観音(全線)
67%
京阪電鉄 交野線 枚方市~私市(全線)
66%
近畿日本鉄道 信貴線 河内山本~信貴山口(全線)
64%
Osaka Metro 南港ポートタウン線(ニュートラム) コスモスクエア~住之江公園(全線)
63%
南海電鉄 泉北線 中百舌鳥~和泉中央(全線)
63%
三セク① 大阪モノレール線(大阪モノレール) 大阪空港~門真市(全線)
60%
南海電鉄 高師浜線 羽衣~高師浜(全線)
59%
三セク① 国際文化公園都市モノレール線(大阪モノレール) 万博記念公園~彩都西(全線)
57%
南海電鉄 多奈川線 みさき公園~多奈川(全線)
57%
能勢電鉄 妙見線 光風台~妙見口
55%
No matching quizzes found
Score Distribution
Percent of People with Each Score
Percentile by Number Answered
Your Score History
You have not taken this quiz